Využitie nebezpečného odpadu pri odstraňovaní metylénovej modrej Fentonovou reakciou

Gespeichert in:
Bibliographische Detailangaben
1. Verfasser: Mončeková, Klaudia (Verfasst von)
Weitere Verfasser: Soldán, Maroš (Betreuung Doktorarbeit)
Format: Manuskript Buch
Sprache:Slowakisch
Veröffentlicht: 2019
Schlagworte:
Online-Zugang:http://is.stuba.sk/zp/portal_zp.pl?podrobnosti=143536
Tags: Tag hinzufügen
Keine Tags, Fügen Sie das erste Tag hinzu!

MARC

LEADER 00000ntm a22000003a 4500
001 stuzp74055
003 SK-STU
005 20190608212756.7
007 ta
008 150427s2015----xo-----f-mn---000-0-slo-d
040 |a STU  |b slo 
041 0 |a slo 
100 1 |a Mončeková, Klaudia  |u 065000  |k Z4  |4 aut  |U MTF Materiálovotechnologická fakulta  |T MTF Ústav integrovanej bezpečnosti  |X 77374  |U M5000  |Y 85  |7 77374 
242 0 1 |a The use of hazardous waste in the removal of methylene blue using the Fenton reaction  |y eng 
245 1 0 |a Využitie nebezpečného odpadu pri odstraňovaní metylénovej modrej Fentonovou reakciou 
260 |c 2019 
650 4 |a metylénová modrá  |2 slo 
650 4 |a Fentonova reakcia  |2 slo 
650 4 |a lúženec  |2 slo 
650 4 |a červený kal  |2 slo 
650 4 |a methylene blue  |2 eng 
650 4 |a Fenton´s reaction  |2 eng 
650 4 |a black nickel mud  |2 eng 
650 4 |a red mud  |2 eng 
700 1 |a Soldán, Maroš  |u 065000  |k Z1  |4 ths  |U MTF Materiálovotechnologická fakulta  |T MTF Ústav integrovanej bezpečnosti  |X 2878  |U M5000  |Y 85  |7 A000002878 
856 4 |u http://is.stuba.sk/zp/portal_zp.pl?podrobnosti=143536 
996 |c M* DP-13927  |l MMSKP  |s P  |a 0  |w stuzp74055_0001